Ministering to the Mourning: (Record no. 19731)
[ view plain ]
| 000 -LEADER | |
|---|---|
| fixed length control field | 00658nam a2200193Ia 4500 |
| 008 - FIXED-LENGTH DATA ELEMENTS--GENERAL INFORMATION | |
| fixed length control field | 200826s9999||||xx |||||||||||||| ||und|| |
| 020 ## - INTERNATIONAL STANDARD BOOK NUMBER | |
| International Standard Book Number | 0802412416 |
| 020 ## - INTERNATIONAL STANDARD BOOK NUMBER | |
| International Standard Book Number | 9780802412416 |
| 041 ## - LANGUAGE CODE | |
| Language code of text/sound track or separate title | eng |
| 050 ## - LIBRARY OF CONGRESS CALL NUMBER | |
| Classification number | BV4330 |
| Item number | .W545 2006 |
| 100 ## - MAIN ENTRY--PERSONAL NAME | |
| Personal name | Wiersbe, Warren W. |
| 245 #0 - TITLE STATEMENT | |
| Title | Ministering to the Mourning: |
| Remainder of title | a Practical Guide for Pastors, Church Leaders, and Other Caregivers / |
| Statement of responsibility, etc. | Warren W. Wiersbe; David Wiersbe |
| 260 ## - PUBLICATION, DISTRIBUTION, ETC. | |
| Place of publication, distribution, etc. | Chicago : |
| Name of publisher, distributor, etc. | Moody Publishers, |
| Date of publication, distribution, etc. | 2006 |
| 300 ## - PHYSICAL DESCRIPTION | |
| Extent | 191 p. |
| Other physical details | ; |
| Dimensions | 23 cm. |
| 650 ## - SUBJECT ADDED ENTRY--TOPICAL TERM | |
| Topical term or geographic name entry element | Bereavement -- Religious aspects -- Christianity. |
| 650 ## - SUBJECT ADDED ENTRY--TOPICAL TERM | |
| Topical term or geographic name entry element | Church work with the bereaved. |
| 700 ## - ADDED ENTRY--PERSONAL NAME | |
| Personal name | Wiersbe, David |
| Withdrawn status | Lost status | Damaged status | Not for loan | Home library | Current library | Shelving location | Date acquired | Total Checkouts | Full call number | Barcode | Date last seen | Price effective from | Koha item type |
|---|---|---|---|---|---|---|---|---|---|---|---|---|---|
| GETS Theological Seminary Library | GETS Theological Seminary Library | General Stacks | 08/26/2020 | BV4330 .W545 2006 | 00007176 | 08/26/2020 | 08/26/2020 | English Books |